000 01306cam a2200289 i 4500
001 18390217
005 20161109145329.0
008 141201s2016 caua b 001 0 eng
010 _a 2014046572
020 _a9781483347585 (pbk. : alk. paper)
040 _aDLC
_beng
_cDLC
_erda
_dDLC
042 _apcc
050 0 0 _aBF201
_b.K453 2016
082 0 0 _aDC 153
_22016
_bK291
100 1 _aKellogg, Ronald Thomas.
245 1 0 _aFundamentals of cognitive psychology /
_cRonald T. Kellogg, Saint Louis University.
250 _aThird Edition.
260 _aCalifornia:
_bSAGE Publications, Inc.
_cc2016.
300 _axviii, 403 pages :
_billustrations some color ;
_c23 cm.
504 _aIncludes bibliographical references (pages 357-387) and index.
505 0 _aPreface -- Acknowledgments -- Introduction -- Perception -- Attention -- Memory systems -- Remembering events -- Memory distortions -- Imagery and knowledge representation -- Language -- Problem solving -- Reasoning and decision making -- Glossary -- References -- Index -- About the author.
650 0 _aCognitive psychology.
365 _b8,995.00
_cPhp
906 _a7
_bcbc
_corignew
_d1
_eecip
_f20
_gy-gencatlg
942 _2ddc
_cDC
999 _c5510
_d5510